Zomrel L. Volavka

Bibliographic Details
Format: Article
Language:Slovak
ISSN:1335-4566
Subjects:

MARC

LEADER 00000nab a2200000 a 4500
001 vtls008631128
003 SK-MaSNL
005 20260303162041.0
008 060314c20060314xo drz 0 0slo
038 |a KEVKJB 
040 |a KEVKJB  |b slo  |c KEVKJB  |e AACR2 
041 0 |a slo 
044 |a xo  |c SK 
080 |a 796.966.071.2  |2 2001 
080 |a 929 Volavka, Ladislav  |2 2001 
245 0 0 |a Zomrel L. Volavka 
600 1 7 |a Volavka, Ladislav  |d 1935-2006  |2 kevkjb  |9 1185198 
650 0 7 |a ľadový hokej  |2 kevkjb  |9 3231 
650 0 7 |a osobnosti  |2 snkbucl  |9 29820 
651 7 |a Košice (Slovensko)  |2 kevkjb  |9 18694 
655 7 |a nekrológy  |2 kevkjb  |9 402542 
773 0 |t Košický denník Korzár  |g Roč. IX, č. 61 (14.3.2006), s. 11  |x 1335-4566 
852 |a KEVKJB  |b KIS3GCP 
958 |a BX 
999 |c 2051981  |d 2053911